| 000 | 00369nam a2200121Ia 4500 | ||
|---|---|---|---|
| 008 | 230907s9999||||xx |||||||||||||| ||und|| | ||
| 082 |
_a530.12 _bDES |
||
| 100 |
_aDesurvire, Emmanuel, _962720 |
||
| 245 | 0 | _aClassical and quantum information theory : | |
| 260 |
_aCambridge University Press, _bCambridge, UK ; | New York : _c2009 |
||
| 300 | _axx, 691 p. : | ||
| 942 | _cBK | ||
| 999 |
_c599010 _d599010 |
||